000 01609cam a2200277 4500
008 000000n2003 000 0 eng u
020 _a1842191608
035 _a(Sirsi) u122953
041 _aeng
050 _a333.0062
_c18
110 _aRoyal Institution of Chartered Surveyors
_bGovernance and Corporate Management
_94171
245 _aRoyal charter and bye-laws 1973 (amended 1975, 1977, 1978, 1980, 1981, 1985, 1986, 1988, 1990, 1993, 1995, 1998, 1999, 2000, 2002 and 2003)
250 _a(Rev. ed.)
260 _aLondon
_bRICS
_c2003
300 _a1v. (loose-leaf)
_c31cm.
505 _aSupplemental Charter 1973
505 _aOrders in Council
505 _aBye-laws: section i - definitions; section ii - members and attached classes; section iii - designations; section iv - contributions to the funds; section v - conduct; section vi - the members of Governing Council, officers and staff; section vii - Strategy and Resources Board, Audit Committee, Junior Organisation Groups and other subordinate bodies; section viii - professional sections and associated matters; section ix - constituencies; section x - procedural matters; section xi - accounts and professional auditors; section xii - general.
520 _aSUPERSEDED BY 2006 UPDATE ISBN 978184 2192922. Incorporates all amendments up to and including those allowed by the Privy Council on 17 July 2003.
520 _aSupersedes 2002 edition (ISBN 184219089X).
650 _aRICS ROYAL CHARTER
650 _aRICS BYE-LAWS
690 _aRICS NEWS
710 _aRoyal Institution of Chartered Surveyors
_94900
942 _n0
999 _c102964
_d102964